<?xml version="1.0" encoding="UTF-8"?>
<record
    xmlns:xsi="http://www.w3.org/2001/XMLSchema-instance"
    xsi:schemaLocation="http://www.loc.gov/MARC21/slim http://www.loc.gov/standards/marcxml/schema/MARC21slim.xsd"
    xmlns="http://www.loc.gov/MARC21/slim">

  <leader>00542nam a2200157   4500</leader>
  <controlfield tag="008">708 M612w</controlfield>
  <datafield tag="020" ind1=" " ind2=" ">
    <subfield code="a">9781879128422</subfield>
  </datafield>
  <datafield tag="082" ind1=" " ind2=" ">
    <subfield code="a">708</subfield>
    <subfield code="b">M612w</subfield>
  </datafield>
  <datafield tag="100" ind1=" " ind2=" ">
    <subfield code="a">Meyenberg, Erick </subfield>
    <subfield code="9">6899</subfield>
  </datafield>
  <datafield tag="245" ind1=" " ind2=" ">
    <subfield code="a">The wheel bears no resemblance to a leg </subfield>
  </datafield>
  <datafield tag="260" ind1=" " ind2=" ">
    <subfield code="a">Estados Unidos </subfield>
    <subfield code="b">Americas Society </subfield>
    <subfield code="c">2017</subfield>
  </datafield>
  <datafield tag="300" ind1=" " ind2=" ">
    <subfield code="a">167 p.</subfield>
    <subfield code="b">ill (col) </subfield>
    <subfield code="c">24 x 18 cm </subfield>
  </datafield>
  <datafield tag="505" ind1=" " ind2=" ">
    <subfield code="r">Deborah Cullinam and Susan Segal </subfield>
    <subfield code="t">Foreword</subfield>
  </datafield>
  <datafield tag="650" ind1=" " ind2=" ">
    <subfield code="x">arte contempor&#xE1;neo </subfield>
    <subfield code="9">977</subfield>
  </datafield>
  <datafield tag="700" ind1=" " ind2=" ">
    <subfield code="a">Marta, Karen (edici&#xF3;n); Rangel, Gabriela (edici&#xF3;n); Sanrom&#xE1;n, Luc&#xED;a (edici&#xF3;n) </subfield>
    <subfield code="9">6900</subfield>
  </datafield>
  <datafield tag="999" ind1=" " ind2=" ">
    <subfield code="c">1723</subfield>
    <subfield code="d">1723</subfield>
  </datafield>
  <datafield tag="952" ind1=" " ind2=" ">
    <subfield code="0">0</subfield>
    <subfield code="1">0</subfield>
    <subfield code="2">ddc</subfield>
    <subfield code="4">0</subfield>
    <subfield code="7">0</subfield>
    <subfield code="a">LV</subfield>
    <subfield code="b">LV</subfield>
    <subfield code="c">Monograf&#xED;as</subfield>
    <subfield code="d">2019-02-16</subfield>
    <subfield code="l">0</subfield>
    <subfield code="o">708 M612w</subfield>
    <subfield code="p">002976</subfield>
    <subfield code="r">2019-02-16 00:00:00</subfield>
    <subfield code="w">2019-02-16</subfield>
    <subfield code="y">01</subfield>
  </datafield>
</record>
